Municipios de Caquetá - Map Quiz - Estadísticas

Estadísticas generales
  • Esta prueba ha sido intentada 480 veces
  • La puntuación promedio es 11 de 16
Respuestas en el mapa
Las respuestas están codificadas por una escala verde-roja en el mapa de la prueba según el % correcto abajo.
 
Estadísticas de respuestas
Respuesta % Correcto
FLORENCIA
99%
SAN VICENTE DEL CAGUAN
84%
CARTAGENA DEL CHAIRA
77%
EL PAUJIL
73%
SOLANO
72%
PUERTO RICO
67%
EL DONCELLO
66%
SOLITA
62%
LA MONTAÑITA
60%
BELEN DE LOS ANDAQUIES
59%
CURILLO
59%
SAN JOSE DEL FRAGUA
59%
MILAN
58%
VALPARAISO
56%
MORELIA
55%
ALBANIA
46%
No se encontraron pruebas coincidentes
Distribución de puntuación
Porcentaje de gente con cada puntuación
Porcentaje por número respondido
Historial de tus puntuaciones
No has intentado esta prueba.